00747nam a2200145Ia 4500008004100000100001900041245019300060245011600253260004700369260000900416650002200425856006200447999001900509952007300528160809s9999 xx 000 0 und d aS.O., Adeniyi. aAN ASSESSMENT OF THE LEVEL OF INFLUENCE OF FAMILY LIFE AND HIV/AIDS EDUCATION ON KNOWLEDGE, ATTITUDE AND DECISION MAKING AMONG ADOLESCENTS WITH HEARING IMPAIRMENT IN SOME STATES IN NIGERIA cAdeniyi, S.O. Federal College of Education (Technical) Akoka Oyewumi, A.M. Fakolade, O.A. University of Ibadan. bInternational Journal of Special Education c2011 xSPECIAL EDUCATION uhttp://www.internationaljournalofspecialed.com/issues.php c300421d300421 001040aCLbCLd2016-08-09l0r2016-08-09 00:00:00w2016-08-09yFOJ